| 000 | 01178cam a2200349 a 4500 | ||
|---|---|---|---|
| 001 | 4460766 | ||
| 003 | OSt | ||
| 005 | 20151216083636.0 | ||
| 008 | 950621s1994 enkabcf b 001 0 eng d | ||
| 010 | _a 95168133 | ||
| 015 | _aGB94-79451 | ||
| 020 | _a9780349106670 | ||
| 035 | _a(OCoLC)31330122 | ||
| 040 |
_aUk _cUk _dIDeKN _dDLC |
||
| 042 | _alccopycat | ||
| 043 |
_ae-uk--- _ab------ |
||
| 050 | 0 | 0 |
_aDA 16 _b.J27 1995 |
| 082 | 0 | 0 |
_aHS 909.0971241 _bJ23 1994 |
| 100 | 1 |
_aJames, Lawrence _d1943- _914203 |
|
| 245 | 1 | 4 |
_aThe rise and fall of the British Empire / _cLawrence James. |
| 260 |
_aLondon : _bLittle, Brown, and Co., _c1994. |
||
| 300 |
_a704 p. ; _bill., facsims., maps, ports. ; _c24 cm. |
||
| 504 | _aIncludes bibliographical references (p. 631-649) and index. | ||
| 650 | 0 |
_aDecolonization _xHistory. _914204 |
|
| 651 | 0 |
_aGreat Britain _xColonies _xHistory. _914205 |
|
| 651 | 0 |
_aCommonwealth countries _xHistory. _914206 |
|
| 906 |
_a7 _bcbc _ccopycat _d2 _encip _f19 _gy-gencatlg |
||
| 942 |
_2lcc _cBK |
||
| 999 |
_c9580 _d9580 |
||